000 00624nam a2200229Ia 4500
003 OSt
005 20220928123942.0
006 a|||||r|||| 00| 0
007 ta
008 220927b |||||||| |||| 00| 0 eng d
024 _a43716
037 _cTextual
040 _aSDCL
_cSDCL
_beng
041 _2eng
_aeng
082 _aV23,k,M, L0
100 _aNightingale Pamela
_9462530
245 0 _aTrade and empire in Western India ,1784-1806
260 _aCambridge
_bAlden and Mowbray
_c1970
300 _axv,264p
_ccm.
942 _hV23,k,M, L0
_cTEXL
_2CC
999 _c775503
_d775503